Statistiques concernant Les Charles célèbres

Cliquez ici pour prendre le quiz!

Statistiques générales

  • Ce quiz a été pris 290 fois
  • Le résultat moyen est 10 sur 20

Statistiques - réponses

Indice 1Indice 2Nom% Correct
poète (1821-1867)les fleurs du malBaudelaire
93%
chanteur (1924)d'origine arménienneAznavour
92%
général (1890-1970)1er président de la V° RépubliqueDe Gaulle
92%
naturaliste anglais (1809-1882)l'origine des espècesDarwin
80%
chanteur (1913-2001)le fou chantantTrenet
73%
écrivain anglais (1812-1870)Oliver TwistDickens
70%
duc (690-741)732 PoitiersMartel
55%
architecte (1825-1898)édifice célébre place de l'Opéra à Paris porte son nomGarnier
50%
homme politique (1927-2015)ministre de l'Intérieur de 1986 à 1988 et de 1993 à 1995Pasqua
44%
acteur (1958)césar du meilleur acteur en 1996 avec le film "Ridicule"Berling
42%
écrivain (1628-1703)contes de ma mère l’OyePerrault
41%
empereur germanique (1500-1558)de son vrai nom Charles de HabsbourgQuint
38%
acteur américain (1921)le passager de la pluieBronson
33%
aviateur américain (1902-1974)l'aigle solitaireLindbergh
31%
acteur (1892-1989)le salaire de la peurVanel
29%
compositeur (1818-1893)Ave MariaGounod
28%
acteur (1926-1995)comédien cher à TruffautDenner
22%
homme politique (1923-1990)ministre de la Défense sous la présidence de MitterrandHernu
18%
écrivain, poète (1873-1914)le mystère de la charité de Jeanne d'ArcPéguy
15%
acteur (1926)de son vrai nom Gérard AdjémianGérard
10%

Distribution des résultats

Percentile par nombre de réponses

% des personnes avec chaque résultat

Votre développement - résultats

Vous n’avez pas pris ce quiz